| 000 | 00501nam a2200181Ia 4500 | ||
|---|---|---|---|
| 005 | 20250508161656.0 | ||
| 008 | 008 250505s9999 xx 000 0 eng d | ||
| 037 | _aTextual | ||
| 040 |
_aFEDL _beng _cFEDL |
||
| 041 |
_aeng _2eng |
||
| 084 |
_a973, SCO _qFEDL |
||
| 100 |
_aScott John A Ed. _9771295 |
||
| 245 | 0 | _aLiving documents in American history | |
| 260 |
_aNew York, USA _bWashington Square Press |
||
| 300 | _a651p. | ||
| 942 |
_cTEXL _h973, SCO |
||
| 999 |
_c1371490 _d1371490 |
||